[Event "European Championship 2015"]
[Site "Jerusalem ISR"]
[Date "2015.03.06"]
[Round "10"]
[White "Svetushkin, Dmitry"]
[Black "Vitiugov, Nikita"]
[Result "1/2-1/2"]
[WhiteElo "2592"]
[BlackElo "2735"]
[PlyCount "88"]
[EventDate "2015.02.24"]

1. e4 c5 2. Nf3 e6 3. d4 cxd4 4. Nxd4 Nc6 5. Nc3 a6 6. Nxc6 bxc6 7. Bd3 d5 8.
O-O Nf6 9. Qe2 Bb7 10. Bf4 Be7 11. Rad1 O-O 12. Na4 Nd7 13. c4 Nb6 14. Nxb6
Qxb6 15. h4 Rfe8 16. h5 e5 17. Bg3 Bc5 18. Qf3 Bd4 19. h6 c5 20. exd5 Qxh6 21.
Rfe1 g6 22. Bc2 f5 23. Ba4 Re7 24. Rxd4 cxd4 25. Bxe5 Qd2 26. Qe2 Qxe2 27. Rxe2
f4 28. d6 d3 29. dxe7 dxe2 30. Bc3 Kf7 31. e8=Q+ Rxe8 32. Bxe8+ Kxe8 33. f3 Kf7
34. Kf2 g5 35. Kxe2 h5 36. b4 Bc6 37. Be1 h4 38. Bf2 Ke6 39. Kd3 Ke5 40. a3 Bd7
41. Bd4+ Kf5 42. Bf2 Ke5 43. Bd4+ Kf5 44. Bf2 Ke5 1/2-1/2

[Event "European Championship 2015"]
[Site "Jerusalem ISR"]
[Date "2015.03.06"]
[Round "10"]
[White "Hovhannisyan, Robert"]
[Black "Vallejo Pons, Francisco"]
[Result "1/2-1/2"]
[WhiteElo "2592"]
[BlackElo "2706"]
[PlyCount "77"]
[EventDate "2015.02.24"]

1. e4 e6 2. d4 d5 3. exd5 exd5 4. Nf3 Nc6 5. Nc3 Bb4 6. Bd3 Bg4 7. O-O Nge7 8.
h3 Bh5 9. a3 Ba5 10. Be3 h6 11. Na4 Bb6 12. c3 O-O 13. Re1 Na5 14. Qe2 Re8 15.
Rad1 Ng6 16. Bxg6 Bxg6 17. Ne5 Qf6 18. b4 Nc6 19. Nxg6 Qxg6 20. Qg4 Qxg4 21.
hxg4 a5 22. b5 Na7 23. c4 dxc4 24. Nxb6 cxb6 25. a4 Rad8 26. Rc1 Nc8 27. Rxc4
Ne7 28. Rc7 Nd5 29. Rxb7 Re4 30. Rc1 Rxg4 31. Rc6 Re4 32. Rcxb6 Nxb6 33. Rxb6
Rdxd4 34. Bxd4 Rxd4 35. Rb8+ Kh7 36. Rf8 Rxa4 37. Rxf7 Ra1+ 38. Kh2 a4 39. Ra7
1/2-1/2

[Event "European Championship 2015"]
[Site "Jerusalem ISR"]
[Date "2015.03.06"]
[Round "10"]
[White "Rasulov, Vugar"]
[Black "Inarkiev, Ernesto"]
[Result "1/2-1/2"]
[WhiteElo "2508"]
[BlackElo "2675"]
[PlyCount "94"]
[EventDate "2015.02.24"]

1. e4 e5 2. Nf3 Nc6 3. Bb5 a6 4. Ba4 Nf6 5. O-O Be7 6. Re1 b5 7. Bb3 O-O 8. c3
d6 9. h3 Re8 10. Ng5 Rf8 11. Nf3 Nb8 12. d4 Nbd7 13. Nbd2 Bb7 14. a4 g6 15. Bc2
Re8 16. Bd3 c6 17. b3 Bf8 18. Bb2 Nh5 19. Bf1 Nf4 20. Qc2 Bg7 21. Rad1 Qb6 22.
b4 d5 23. dxe5 Nxe5 24. Nxe5 Rxe5 25. Nb3 Ne6 26. Na5 Rc8 27. exd5 Rxe1 28.
Rxe1 cxd5 29. axb5 axb5 30. Nxb7 Qxb7 31. Qd3 Nc7 32. Bc1 Ne6 33. Bd2 d4 34.
cxd4 Nxd4 35. Bf4 Qd5 36. Qe4 Qd7 37. Qe7 Qd5 38. Qe4 Qd7 39. Qe7 Qd5 40. Rc1
Rxc1 41. Qe8+ Bf8 42. Bxc1 Qd6 43. Be3 Qxb4 44. Qd7 Nf5 45. Qxb5 Nxe3 46. Qxb4
Bxb4 47. fxe3 Kg7 1/2-1/2

[Event "Petrov Memorial (blitz) 2015"]
[Site "Jurmala LAT"]
[Date "2015.03.06"]
[Round "1"]
[White "Ozolins, Aris"]
[Black "Malakhov, Vladimir"]
[Result "0-1"]
[WhiteElo "2185"]
[BlackElo "2706"]
[PlyCount "156"]
[EventDate "2015.03.06"]

1. e4 g6 2. d4 Bg7 3. Nc3 d6 4. Bg5 a6 5. h3 b5 6. a3 Nd7 7. Nf3 c5 8. Rb1 cxd4
9. Nxd4 Bb7 10. Be2 Ngf6 11. Bf3 Ne5 12. Qe2 O-O 13. O-O Rc8 14. Rfd1 h6 15.
Bf4 Nxf3+ 16. Nxf3 Rxc3 17. bxc3 Nxe4 18. Rb3 Nxc3 19. Rxc3 Bxc3 20. Bxh6 Bxf3
21. Qxf3 Bg7 22. Bxg7 Kxg7 23. a4 bxa4 24. Qc3+ Kg8 25. Ra1 Qc8 26. Qd3 Qc6 27.
Ra3 Rc8 28. c3 Qc4 29. Qe3 e6 30. Qb6 Rc6 31. Qa5 Qb5 32. Qxa4 Qxa4 33. Rxa4 d5
34. g3 Kf8 35. f4 Ke7 36. Kf2 Kd6 37. Ke2 Kc5 38. Kd3 Kb5 39. Rb4+ Kc5 40. Rb7
f5 41. Rg7 a5 42. Rxg6 a4 43. Rg8 Ra6 44. Rc8+ Kd6 45. Rb8 a3 46. Rb1 a2 47.
Ra1 Kc5 48. h4 Ra3 49. h5 d4 50. h6 Rxc3+ 51. Kd2 Rxg3 52. Rxa2 Rh3 53. Ra5+
Kc4 54. Ra4+ Kd5 55. Ra5+ Kc4 56. Ra4+ Kc5 57. Ra5+ Kb4 58. Re5 Kc4 59. Rxe6
Rh2+ 60. Ke1 d3 61. Rf6 d2+ 62. Kd1 Kd3 63. Rd6+ Ke3 64. Re6+ Kxf4 65. h7 Kf3
66. h8=Q Rxh8 67. Kxd2 f4 68. Rg6 Re8 69. Rg7 Kf2 70. Kd3 f3 71. Rg6 Kf1 72.
Kd2 f2 73. Rg7 Rd8+ 74. Kc1 Rd5 75. Kc2 Ke2 76. Re7+ Kf3 77. Rf7+ Ke3 78. Re7+
Kf4 0-1

[Event "Petrov Memorial (blitz) 2015"]
[Site "Jurmala LAT"]
[Date "2015.03.06"]
[Round "2"]
[White "Malakhov, Vladimir"]
[Black "Vovk, Ilja"]
[Result "1-0"]
[WhiteElo "2706"]
[BlackElo "2274"]
[PlyCount "89"]
[EventDate "2015.03.06"]

1. Nf3 d5 2. g3 g6 3. c4 dxc4 4. Qa4+ Nc6 5. Bg2 Bg7 6. Qxc4 e5 7. O-O Nf6 8.
d3 O-O 9. Nc3 Be6 10. Qh4 Qd7 11. Bh6 Nh5 12. Bxg7 Kxg7 13. Ng5 h6 14. Nxe6+
Qxe6 15. Rac1 Nd4 16. e3 Nc6 17. Nd5 Rad8 18. g4 Nf6 19. Nxf6 Qxf6 20. Qxf6+
Kxf6 21. Bxc6 bxc6 22. Rxc6+ Kg5 23. h3 Rxd3 24. Rxc7 Rd2 25. Rb7 Kh4 26. Kg2
Rc8 27. Rxf7 Rxb2 28. Rxa7 h5 29. gxh5 gxh5 30. Ra4+ Kg5 31. h4+ Kf5 32. Kf3
Rg8 33. Rc1 Rg4 34. Ra5 Ke6 35. Ra6+ Kd7 36. e4 Rf4+ 37. Ke3 Rbxf2 38. Kd3
R2f3+ 39. Kc4 Rxe4+ 40. Kd5 Rxh4 41. Ra7+ Kd8 42. Rb1 Rd4+ 43. Ke6 Rc4 44. Rb8+
Rc8 45. Rd7+ 1-0

[Event "Petrov Memorial (blitz) 2015"]
[Site "Jurmala LAT"]
[Date "2015.03.06"]
[Round "3"]
[White "Gleizerov, Evgeny"]
[Black "Malakhov, Vladimir"]
[Result "1/2-1/2"]
[WhiteElo "2531"]
[BlackElo "2706"]
[PlyCount "89"]
[EventDate "2015.03.06"]

1. d4 g6 2. c4 Bg7 3. e4 e6 4. Nc3 Ne7 5. Nf3 d5 6. cxd5 exd5 7. exd5 O-O 8.
Bc4 Nd7 9. Bg5 Nb6 10. Bb3 h6 11. Bh4 g5 12. Bg3 Nexd5 13. O-O c6 14. Ne5 Be6
15. Re1 Re8 16. Bc2 Nd7 17. Qd3 Nf8 18. a3 Ne7 19. Rad1 Bf5 20. Ne4 Nfg6 21.
Qb3 Nxe5 22. dxe5 Qb6 23. Nd6 Qxb3 24. Bxb3 Rf8 25. Nxb7 Rfb8 26. Nc5 Rb5 27.
e6 Nd5 28. exf7+ Kxf7 29. Rxd5 cxd5 30. Bxd5+ Kg6 31. Bxa8 Rxc5 32. b4 Rc3 33.
a4 Rb3 34. b5 Ra3 35. h3 Rxa4 36. Bc6 Ra1 37. Rxa1 Bxa1 38. f3 Bd4+ 39. Bf2
Bxf2+ 40. Kxf2 Kf6 41. Ke3 Ke5 42. Be8 Bc8 43. Bc6 Be6 44. Be8 Bc8 45. Bc6
1/2-1/2

[Event "Petrov Memorial (blitz) 2015"]
[Site "Jurmala LAT"]
[Date "2015.03.06"]
[Round "4"]
[White "Malakhov, Vladimir"]
[Black "Dobrov, Vladimir"]
[Result "1-0"]
[WhiteElo "2706"]
[BlackElo "2490"]
[PlyCount "75"]
[EventDate "2015.03.06"]

1. Nf3 f5 2. g3 Nf6 3. Bg2 g6 4. O-O Bg7 5. d4 O-O 6. c4 d6 7. b3 e6 8. Bb2 Qe7
9. Nbd2 Nc6 10. Rc1 e5 11. d5 Nd8 12. c5 Nf7 13. Nc4 g5 14. cxd6 cxd6 15. Ba3
g4 16. Nfxe5 Rd8 17. Nxf7 Kxf7 18. Qd2 Kg6 19. Rce1 Bh6 20. Qb4 a5 21. Qc3 Ne4
22. Qd3 Ra6 23. f3 b5 24. fxe4 bxc4 25. exf5+ Kf7 26. Qxc4 Be3+ 27. Kh1 h5 28.
Bb2 Ra7 29. f6 Qf8 30. Bd4 Ba6 31. Qc3 Bxd4 32. Qxd4 Rb7 33. Qe4 Qg8 34. Qe6+
Kf8 35. Rf4 Rf7 36. Rc1 Qg5 37. e3 Bd3 38. Rc8 1-0

[Event "Petrov Memorial (blitz) 2015"]
[Site "Jurmala LAT"]
[Date "2015.03.06"]
[Round "5"]
[White "Zilka, Stepan"]
[Black "Malakhov, Vladimir"]
[Result "0-1"]
[WhiteElo "2528"]
[BlackElo "2706"]
[PlyCount "80"]
[EventDate "2015.03.06"]

1. d4 d5 2. c4 c6 3. Nf3 Nf6 4. Nc3 a6 5. e3 g6 6. Bd3 Bg7 7. O-O O-O 8. a4 a5
9. b3 Bg4 10. h3 Bxf3 11. Qxf3 e6 12. Ba3 Re8 13. Rad1 Na6 14. Rfe1 Nb4 15. Bb1
Bf8 16. Bb2 Bg7 17. g3 Nd7 18. h4 Nb6 19. c5 Nd7 20. e4 b6 21. cxb6 Qxb6 22. e5
c5 23. Nb5 Nc6 24. dxc5 Nxc5 25. Qe3 Rab8 26. Rc1 Nd7 27. Qxb6 Rxb6 28. f4 Bf8
29. Re3 Bc5 30. Rxc5 Nxc5 31. Ba3 Nb4 32. Bxb4 axb4 33. h5 gxh5 34. Kg2 Rd8 35.
Nd4 Rc8 36. Kh3 Nb7 37. Kh4 Rc3 38. Re2 Na5 39. Kxh5 Nxb3 40. Nxb3 Rxb3 0-1

[Event "Petrov Memorial (blitz) 2015"]
[Site "Jurmala LAT"]
[Date "2015.03.06"]
[Round "6"]
[White "Malakhov, Vladimir"]
[Black "Gunina, Valentina"]
[Result "1-0"]
[WhiteElo "2706"]
[BlackElo "2528"]
[PlyCount "81"]
[EventDate "2015.03.06"]

1. Nf3 d5 2. g3 Nf6 3. Bg2 c6 4. O-O Bg4 5. c4 e6 6. cxd5 Bxf3 7. Bxf3 cxd5 8.
d4 Nc6 9. Nc3 Be7 10. e3 O-O 11. Bd2 Rc8 12. Bg2 Na5 13. Qe2 Nc4 14. Bc1 Qa5
15. e4 dxe4 16. Nxe4 Qb6 17. Rd1 Rfd8 18. b3 Nxe4 19. Bxe4 Nd6 20. Bd3 Bf6 21.
Be3 Qa5 22. Rac1 Rxc1 23. Rxc1 Nf5 24. Rc5 Qb6 25. Bxf5 exf5 26. Qc4 Qe6 27. d5
Qe8 28. Rc7 b5 29. Qc6 Qe4 30. Rc8 Qb1+ 31. Bc1 Qe4 32. Rxd8+ Bxd8 33. Qd7 Qe1+
34. Kg2 Qe4+ 35. Kf1 Qh1+ 36. Ke2 Qe4+ 37. Be3 Qc2+ 38. Kf1 Qd3+ 39. Kg2 Qe4+
40. f3 Qc2+ 41. Bf2 1-0

[Event "Petrov Memorial (blitz) 2015"]
[Site "Jurmala LAT"]
[Date "2015.03.06"]
[Round "7"]
[White "Ehlvest, Jaan"]
[Black "Malakhov, Vladimir"]
[Result "1/2-1/2"]
[WhiteElo "2547"]
[BlackElo "2706"]
[PlyCount "41"]
[EventDate "2015.03.06"]

1. c4 c6 2. d4 d5 3. Nc3 Nf6 4. e3 a6 5. h3 e6 6. Nf3 Nbd7 7. a4 Bb4 8. Bd2 O-O
9. Be2 c5 10. cxd5 exd5 11. O-O Re8 12. dxc5 Nxc5 13. Nd4 Ne6 14. Bf3 Nxd4 15.
exd4 Bxc3 16. bxc3 Ne4 17. Re1 Bd7 18. Bxe4 Rxe4 19. Rxe4 dxe4 20. c4 b5 21.
axb5 1/2-1/2

[Event "Petrov Memorial (blitz) 2015"]
[Site "Jurmala LAT"]
[Date "2015.03.06"]
[Round "8"]
[White "Malakhov, Vladimir"]
[Black "Popov, Valerij"]
[Result "1-0"]
[WhiteElo "2706"]
[BlackElo "2555"]
[PlyCount "59"]
[EventDate "2015.03.06"]

1. Nf3 d5 2. g3 c5 3. Bg2 Nc6 4. d4 e6 5. O-O Qb6 6. c4 cxd4 7. cxd5 exd5 8.
Nbd2 g6 9. Nb3 Bg7 10. Bf4 Nge7 11. Bd6 Nf5 12. Bc5 Qb5 13. a4 Qa6 14. Nfxd4
Nfxd4 15. Nxd4 Bxd4 16. Bxd4 O-O 17. e3 Nxd4 18. Qxd4 Be6 19. Rfc1 Rfc8 20.
Bxd5 Rd8 21. Rc5 Qe2 22. Rac1 b6 23. R5c2 Qh5 24. Bxa8 Rxd4 25. exd4 Bb3 26.
Rc3 Bxa4 27. d5 Qe5 28. Bc6 Bxc6 29. dxc6 Qc7 30. Rd3 1-0

[Event "Petrov Memorial (blitz) 2015"]
[Site "Jurmala LAT"]
[Date "2015.03.06"]
[Round "10"]
[White "Malakhov, Vladimir"]
[Black "Fedoseev, Vladimir3"]
[Result "1/2-1/2"]
[WhiteElo "2706"]
[BlackElo "2674"]
[PlyCount "110"]
[EventDate "2015.03.06"]

1. Nf3 d5 2. g3 Nf6 3. Bg2 g6 4. c4 dxc4 5. Qa4+ c6 6. Qxc4 Bg7 7. O-O O-O 8.
d3 Nbd7 9. Qc2 Nb6 10. Nc3 Re8 11. b3 e5 12. Bb2 Bg4 13. h3 Bd7 14. Rfd1 Rc8
15. Nd2 Be6 16. Nc4 Qc7 17. Rac1 Rcd8 18. Kh2 h6 19. Ne4 Nxe4 20. Bxe4 Nd5 21.
Bg2 h5 22. h4 c5 23. Bxd5 Bxd5 24. Ne3 b6 25. Nxd5 Rxd5 26. b4 Bf8 27. Qc4 Qd8
28. a3 cxb4 29. axb4 b5 30. Qc6 Re6 31. Qb7 Rb6 32. Qxa7 Rd7 33. Qa3 Qe7 34.
Qc3 Re6 35. e4 Qxb4 36. Qxb4 Bxb4 37. Rc8+ Kh7 38. Rb8 Bc5 39. Rxb5 Bxf2 40.
Bxe5 Bd4 41. Bf4 Bg7 42. Rd5 Rxd5 43. exd5 Re2+ 44. Kh3 Be5 45. Rf1 Kg7 46. d6
Bxf4 47. Rxf4 Re8 48. Rd4 Kf6 49. g4 hxg4+ 50. Kxg4 Rd8 51. d7 Ke5 52. Re4+ Kf6
53. Rd4 Ke5 54. Re4+ Kf6 55. Rd4 Ke5 1/2-1/2

[Event "Cappelle Grande Open 2015"]
[Site "Cappelle la Grande FRA"]
[Date "2015.03.07"]
[Round "9"]
[White "Li, Chao b"]
[Black "Ulybin, Mikhail"]
[Result "1-0"]
[WhiteElo "2728"]
[BlackElo "2502"]
[PlyCount "73"]
[EventDate "2015.02.28"]

1. d4 e6 2. c4 f5 3. g3 Nf6 4. Bg2 d5 5. Nf3 Be7 6. O-O O-O 7. Nc3 c6 8. Bf4
Nbd7 9. Qc2 Ne4 10. Rad1 Bf6 11. Ne5 Qe7 12. Nxd7 Bxd7 13. Nxe4 fxe4 14. c5 e5
15. dxe5 Bxe5 16. Bxe5 Qxe5 17. Bxe4 Bh3 18. Bg2 Bxg2 19. Kxg2 Rae8 20. Rd2 Rf6
21. e3 g5 22. Rd4 h5 23. h3 Kg7 24. b4 a6 25. a4 Re7 26. b5 axb5 27. axb5 Ref7
28. Rb4 Kh6 29. Qd3 Qe7 30. bxc6 bxc6 31. Rb8 Kg7 32. Qd4 Kh7 33. f4 gxf4 34.
Rxf4 Kg6 35. Rh8 Qe6 36. Qd3+ Rf5 37. g4 1-0

[Event "China - India (match) 2015"]
[Site "Hyderabad IND"]
[Date "2015.03.07"]
[Round "5"]
[White "Lalith, Babu M.R"]
[Black "Wei, Yi"]
[Result "1/2-1/2"]
[WhiteElo "2556"]
[BlackElo "2706"]
[PlyCount "60"]
[EventDate "2015.03.02"]

1. d4 Nf6 2. c4 g6 3. g3 Bg7 4. Bg2 d5 5. cxd5 Nxd5 6. Nc3 Nb6 7. Nf3 Nc6 8.
Bf4 O-O 9. O-O Nxd4 10. Nxd4 e5 11. Nc6 Qxd1 12. Rfxd1 exf4 13. Ne7+ Kh8 14.
Nxc8 Raxc8 15. Bxb7 Rb8 16. Ba6 fxg3 17. hxg3 Bxc3 18. bxc3 Rfd8 19. Rxd8+ Rxd8
20. a4 Rd2 21. a5 Nd5 22. Kg2 Kg7 23. Rb1 Ra2 24. Rb7 Rxa5 25. Bc4 Rc5 26. Bxd5
Rxd5 27. Rxc7 a5 28. c4 Rd8 29. Ra7 Rc8 30. Rxa5 Rxc4 1/2-1/2

[Event "China - India (match) 2015"]
[Site "Hyderabad IND"]
[Date "2015.03.08"]
[Round "6"]
[White "Wei, Yi"]
[Black "Lalith, Babu M.R"]
[Result "1-0"]
[WhiteElo "2706"]
[BlackElo "2556"]
[PlyCount "109"]
[EventDate "2015.03.02"]

1. e4 c6 2. d4 d5 3. e5 Bf5 4. Nf3 e6 5. Be2 Nd7 6. O-O h6 7. Nbd2 Ne7 8. Nb3
Bg6 9. Bd2 Nf5 10. Ba5 b6 11. Bd2 Be7 12. c4 O-O 13. cxd5 cxd5 14. h3 Rc8 15.
g3 Nb8 16. Bf4 Qd7 17. Bd3 a5 18. Nc1 Nc6 19. Ne2 Qb7 20. Nc3 f6 21. Nb5 fxe5
22. Nxe5 Be8 23. Nxc6 Bxc6 24. Be5 Bxb5 25. Bxb5 Bf6 26. Qe2 Qe7 27. Rfd1 Bxe5
28. Qxe5 Rc2 29. Rac1 Rxb2 30. Rc7 Qf6 31. Bd7 Qxe5 32. dxe5 Kf7 33. Rc6 Ne7
34. Rxe6 Rb8 35. Rd3 Rf8 36. a4 Nf5 37. Rxd5 Rd8 38. Rc6 Ne7 39. Be6+ Ke8 40.
Rxd8+ Kxd8 41. Rd6+ Ke8 42. Bd7+ Kf8 43. Bb5 Nf5 44. Rxb6 Nd4 45. Rb8+ Ke7 46.
Rb7+ Kf8 47. Kg2 Rb4 48. h4 g5 49. hxg5 hxg5 50. Ra7 Nxb5 51. axb5 Rxb5 52. f4
g4 53. Kf2 Rb2+ 54. Ke3 a4 55. Ke4 1-0

[Event "European Championship 2015"]
[Site "Jerusalem ISR"]
[Date "2015.03.04"]
[Round "8"]
[White "Birnboim, Nathan"]
[Black "Michalik, Peter"]
[Result "0-1"]
[WhiteElo "2347"]
[BlackElo "2576"]
[PlyCount "152"]
[EventDate "2015.02.24"]

1. e4 c6 2. d3 d5 3. Nd2 e5 4. Ngf3 Bd6 5. d4 exd4 6. Bd3 dxe4 7. Nxe4 Be7 8.
Qe2 h6 9. O-O Be6 10. Re1 Nf6 11. Nxf6+ Bxf6 12. Bf4 Nd7 13. Bd6 Qb6 14. Bc4 c5
15. Bxe6 Qxd6 16. Bb3+ Kd8 17. Nd2 Kc7 18. Ne4 Qc6 19. Bxf7 Ne5 20. Bh5 Rad8
21. Nxf6 gxf6 22. f4 Nd7 23. Bf3 Qd6 24. Qb5 Nb6 25. f5 a6 26. Qa5 Rhe8 27. Bh5
Re5 28. Rxe5 fxe5 29. Re1 Kb8 30. b4 Rc8 31. bxc5 Rxc5 32. Qa3 Nd5 33. Bf3 Nf6
34. Qb3 Qd7 35. Qb6 Qe7 36. Be4 Rb5 37. Qe6 Qb4 38. Kf1 Nxe4 39. Rxe4 Qb1+ 40.
Re1 Qxc2 41. f6 Ka7 42. Rxe5 Rb2 43. Re2 Qc1+ 44. Kf2 Qf4+ 45. Kg1 Rxe2 46.
Qxe2 Qxf6 47. Qd3 b5 48. g4 Kb6 49. h4 Qf4 50. g5 hxg5 51. Qg6+ Ka5 52. Qxg5
Qe4 53. Qd2+ b4 54. h5 Qg4+ 55. Kf2 Qh4+ 56. Kg2 Qxh5 57. Qxd4 Qe2+ 58. Kg1
Qe1+ 59. Kh2 Qc3 60. Qd6 Qc4 61. Kh3 Ka4 62. Qb6 Ka3 63. Qa5+ Kb2 64. Kh2 Qb5
65. Qd8 Qe5+ 66. Kh1 Kxa2 67. Qd2+ Qb2 68. Qd5+ b3 69. Qa5+ Qa3 70. Qd5 Qc1+
71. Kg2 Qc3 72. Kh1 a5 73. Qd7 b2 74. Qa4+ Qa3 75. Qc4+ Qb3 76. Qe2 Qd1+ 0-1

[Event "European Championship 2015"]
[Site "Jerusalem ISR"]
[Date "2015.03.08"]
[Round "11"]
[White "Navara, David"]
[Black "Cheparinov, Ivan"]
[Result "1/2-1/2"]
[WhiteElo "2735"]
[BlackElo "2681"]
[PlyCount "88"]
[EventDate "2015.02.24"]

1. d4 Nf6 2. c4 e6 3. Nc3 Bb4 4. e3 O-O 5. Nge2 d5 6. a3 Bd6 7. c5 Be7 8. b4 b6
9. Nf4 a5 10. Bb2 axb4 11. axb4 Rxa1 12. Bxa1 Nc6 13. b5 Nxd4 14. exd4 bxc5 15.
dxc5 Bxc5 16. Bd3 d4 17. Ne4 Bb4+ 18. Kf1 Bb7 19. Qb1 Bxe4 20. Bxe4 Bd6 21. Ne2
Nxe4 22. Qxe4 e5 23. f4 Re8 24. h4 Qd7 25. Qc6 Qxc6 26. bxc6 d3 27. fxe5 dxe2+
28. Kxe2 Bxe5 29. Kd3 Bd6 30. h5 f6 31. h6 Re6 32. Kc4 Kf7 33. hxg7 Kxg7 34.
Kd5 Re2 35. Rf1 Be5 36. Bxe5 Rxe5+ 37. Kc4 Kf7 38. Rd1 h5 39. Rd7+ Re7 40. Rd8
Ke6 41. Kb5 Rg7 42. Re8+ Kf5 43. Ka6 Rxg2 44. Re7 h4 1/2-1/2

[Event "European Championship 2015"]
[Site "Jerusalem ISR"]
[Date "2015.03.08"]
[Round "11"]
[White "Bartel, Mateusz"]
[Black "Nepomniachtchi, Ian"]
[Result "1-0"]
[WhiteElo "2631"]
[BlackElo "2714"]
[PlyCount "77"]
[EventDate "2015.02.24"]

1. e4 c5 2. Nf3 d6 3. Bb5+ Nc6 4. O-O Bd7 5. Re1 a6 6. Bxc6 Bxc6 7. d4 cxd4 8.
Nxd4 Bd7 9. Bg5 Nf6 10. Bxf6 gxf6 11. Nc3 e6 12. Qh5 Bg7 13. Rad1 Rc8 14. Nf5
exf5 15. exf5+ Kf8 16. Ne4 Bc6 17. Nxd6 Qc7 18. Nxc8 Qxc8 19. Rd4 Qc7 20. Qd1
Bh6 21. h4 Qa5 22. Rd8+ Kg7 23. Qg4+ Bg5 24. Rdd1 h6 25. a3 Qc7 26. Qg3 Qa5 27.
f4 Qc5+ 28. Re3 Bxg2 29. fxg5 hxg5 30. hxg5 Rh1+ 31. Kxg2 Qc6+ 32. Rf3 Rxd1 33.
gxf6+ Kxf6 34. Qh4+ Kg7 35. f6+ Kg8 36. Qg3+ Kf8 37. Qb8+ Qe8 38. Rh3 Rd2+ 39.
Kf3 1-0

[Event "European Championship 2015"]
[Site "Jerusalem ISR"]
[Date "2015.03.08"]
[Round "11"]
[White "Eljanov, Pavel"]
[Black "Romanov, Evgeny"]
[Result "1-0"]
[WhiteElo "2727"]
[BlackElo "2625"]
[PlyCount "79"]
[EventDate "2015.02.24"]

1. d4 d6 2. Nf3 g6 3. c4 Bg7 4. e4 Bg4 5. Be2 Nc6 6. Be3 e5 7. d5 Bxf3 8. Bxf3
Nd4 9. Nc3 c5 10. dxc6 bxc6 11. b4 Ne7 12. O-O O-O 13. Rb1 Qc7 14. Qd3 Rad8 15.
Rfd1 Nxf3+ 16. gxf3 f5 17. b5 fxe4 18. fxe4 Qd7 19. Qe2 Qh3 20. Rd3 Qe6 21. Rd2
g5 22. Kh1 cxb5 23. cxb5 Ng6 24. Rg1 Nf4 25. Qg4 Qc4 26. Qxg5 Ne6 27. Qg4 Rf7
28. Nd5 Re8 29. b6 axb6 30. Nxb6 Qc6 31. Nd5 Kh8 32. f3 Nd4 33. Qh5 Ref8 34.
Rdg2 Qb7 35. Bh6 Bxh6 36. Qxh6 Nxf3 37. Nf6 Nxg1 38. Nxh7 Rb8 39. Nf8+ Rh7 40.
Nxh7 1-0

[Event "European Championship 2015"]
[Site "Jerusalem ISR"]
[Date "2015.03.08"]
[Round "11"]
[White "Grandelius, Nils"]
[Black "Bacrot, Etienne"]
[Result "1/2-1/2"]
[WhiteElo "2609"]
[BlackElo "2711"]
[PlyCount "90"]
[EventDate "2015.02.24"]

1. d4 Nf6 2. c4 g6 3. Nc3 Bg7 4. e4 d6 5. Be2 O-O 6. Nf3 e5 7. O-O Nc6 8. d5
Ne7 9. b4 Nh5 10. Re1 f5 11. Ng5 Nf6 12. Bf3 h6 13. Ne6 Bxe6 14. dxe6 c6 15.
Bb2 fxe4 16. Nxe4 Nxe4 17. Rxe4 d5 18. cxd5 cxd5 19. Rxe5 Bxe5 20. Bxe5 Qb6 21.
Bb2 Rad8 22. a3 Qxe6 23. Qd4 Nf5 24. Qh8+ Kf7 25. Qh7+ Ke8 26. Qxb7 Rf7 27.
Qb5+ Kf8 28. Qd3 Nh4 29. Be2 Qe4 30. Bf1 Rc8 31. Qxe4 dxe4 32. Bd4 Rc2 33. Re1
g5 34. Bc5+ Kg7 35. Rxe4 Rc1 36. Re7 Rxe7 37. Bxe7 Nf5 38. Bc5 a5 39. a4 h5 40.
g3 h4 41. gxh4 Nxh4 42. Be3 Nf3+ 43. Kg2 Nh4+ 44. Kg1 Nf3+ 45. Kg2 Nh4+ 1/2-1/2

[Event "European Championship 2015"]
[Site "Jerusalem ISR"]
[Date "2015.03.08"]
[Round "11"]
[White "Vitiugov, Nikita"]
[Black "Shimanov, Aleksandr"]
[Result "1-0"]
[WhiteElo "2735"]
[BlackElo "2594"]
[PlyCount "63"]
[EventDate "2015.02.24"]

1. d4 Nf6 2. c4 e5 3. dxe5 Ng4 4. Nf3 Bc5 5. e3 Nc6 6. Nc3 O-O 7. Be2 Re8 8.
Nd2 Ngxe5 9. Nde4 Bf8 10. b3 d6 11. Bb2 Qh4 12. Ng3 Be6 13. Qd2 f5 14. Nd5 Rac8
15. f4 Ng4 16. Bxg4 Qxg4 17. O-O Ne7 18. e4 Nxd5 19. cxd5 Bd7 20. Rae1 fxe4 21.
f5 e3 22. Qd3 Kf7 23. Rxe3 Rxe3 24. Qxe3 Re8 25. Qxa7 Qb4 26. Qf2 Qa5 27. Qf3
Qxa2 28. Bxg7 Kxg7 29. f6+ Kh8 30. f7 Bg7 31. fxe8=R+ Bxe8 32. Nh5 1-0

[Event "European Championship 2015"]
[Site "Jerusalem ISR"]
[Date "2015.03.08"]
[Round "11"]
[White "Vallejo Pons, Francisco"]
[Black "Svetushkin, Dmitry"]
[Result "1/2-1/2"]
[WhiteElo "2706"]
[BlackElo "2592"]
[PlyCount "114"]
[EventDate "2015.02.24"]

1. c4 c6 2. d4 d5 3. Nc3 Nf6 4. Nf3 dxc4 5. a4 e6 6. e4 Bb4 7. e5 Nd5 8. Bd2 b5
9. axb5 Bxc3 10. bxc3 cxb5 11. Ng5 Nc6 12. Qh5 Qe7 13. Be2 b4 14. O-O bxc3 15.
Bc1 Ncb4 16. Bxc4 Bb7 17. Ra5 Rc8 18. Bb3 h6 19. Ne4 Nf4 20. Qf3 Bxe4 21. Qxe4
Nfd3 22. Ba4+ Kf8 23. Ba3 c2 24. Rb5 g6 25. Rb7 Rc7 26. Rxc7 Qxc7 27. Qxd3 c1=Q
28. Bxb4+ Kg7 29. Rxc1 Qxc1+ 30. Qf1 Qb2 31. Bc5 Qa2 32. Bb5 a5 33. h4 Rb8 34.
h5 a4 35. hxg6 fxg6 36. Bc4 Qc2 37. Bd3 Qd2 38. Bc4 Qc2 39. Bd3 Qd2 40. Be4 Rb3
41. g3 a3 42. Kg2 g5 43. Qc4 Rxg3+ 44. Kxg3 Qf4+ 45. Kg2 Qg4+ 46. Kh2 Qh5+ 47.
Kg1 Qd1+ 48. Kh2 Qh5+ 49. Kg3 Qh4+ 50. Kf3 Qf4+ 51. Ke2 Qxe4+ 52. Kd2 Qf4+ 53.
Ke1 Qe4+ 54. Kd2 Qf4+ 55. Ke1 Qe4+ 56. Kd2 Qf4+ 57. Ke1 Qe4+ 1/2-1/2

[Event "European Championship 2015"]
[Site "Jerusalem ISR"]
[Date "2015.03.08"]
[Round "11"]
[White "Inarkiev, Ernesto"]
[Black "Klein, David"]
[Result "1-0"]
[WhiteElo "2675"]
[BlackElo "2505"]
[PlyCount "49"]
[EventDate "2015.02.24"]

1. d4 Nf6 2. c4 g6 3. Nc3 Bg7 4. e4 O-O 5. Nf3 c6 6. Bd3 d6 7. O-O Bg4 8. Be3
Na6 9. h3 Bxf3 10. Qxf3 Nd7 11. Qe2 Nc7 12. Rad1 Ne6 13. Bb1 c5 14. dxc5 dxc5
15. f4 Bd4 16. f5 Bxe3+ 17. Qxe3 Nd4 18. e5 Kg7 19. Ne4 Nxf5 20. Rxf5 gxf5 21.
Qg5+ Kh8 22. Nf6 Nxe5 23. Rxd8 Raxd8 24. Bxf5 Rd6 25. Qh6 1-0

[Event "Petrov Memorial (rapid) 2015"]
[Site "Jurmala LAT"]
[Date "2015.03.08"]
[Round "6"]
[White "Ivanchuk, Vassily"]
[Black "Dobrov, Vladimir"]
[Result "1/2-1/2"]
[WhiteElo "2731"]
[BlackElo "2490"]
[PlyCount "58"]
[EventDate "2015.03.07"]

1. Nf3 c5 2. c4 Nc6 3. d4 cxd4 4. Nxd4 Nf6 5. Nc3 Qb6 6. Nb3 e6 7. a3 d5 8. Be3
Qd8 9. cxd5 Nxd5 10. Nxd5 exd5 11. g3 Be7 12. Bg2 Bf6 13. Nd4 O-O 14. O-O Re8
15. Re1 Bg4 16. Rc1 Rc8 17. h3 Bh5 18. Qd2 Nxd4 19. Bxd4 Rxc1 20. Rxc1 Rxe2 21.
Bxf6 gxf6 22. Qb4 Kg7 23. Rc5 Qe7 24. Rxd5 Qxb4 25. axb4 Bg6 26. Rd7 b6 27. b3
Re1+ 28. Kh2 Re2 29. Kg1 Re1+ 1/2-1/2

[Event "Petrov Memorial (rapid) 2015"]
[Site "Jurmala LAT"]
[Date "2015.03.08"]
[Round "6"]
[White "Malakhov, Vladimir"]
[Black "Mamedyarov, Shakhriyar"]
[Result "0-1"]
[WhiteElo "2706"]
[BlackElo "2756"]
[PlyCount "62"]
[EventDate "2015.03.07"]

1. Nf3 Nf6 2. g3 d5 3. Bg2 g6 4. c4 d4 5. O-O Bg7 6. d3 O-O 7. b4 Re8 8. Bb2 e5
9. Nbd2 a5 10. b5 Nbd7 11. a4 Nc5 12. Nb3 Nxb3 13. Qxb3 c5 14. bxc6 bxc6 15.
Ba3 Bf5 16. Nd2 e4 17. Rab1 Qd7 18. Qc2 e3 19. fxe3 Ng4 20. e4 Ne3 21. Qc1 Nxg2
22. exf5 Rxe2 23. Qd1 Rae8 24. fxg6 hxg6 25. Rb8 Rxb8 26. Qxe2 Ne3 27. Rb1 Re8
28. Ne4 Rxe4 29. dxe4 d3 30. Qf3 d2 31. Rd1 Nxd1 0-1

[Event "Petrov Memorial (rapid) 2015"]
[Site "Jurmala LAT"]
[Date "2015.03.08"]
[Round "6"]
[White "Karjakin, Sergey"]
[Black "Krasenkow, Michal"]
[Result "1-0"]
[WhiteElo "2757"]
[BlackElo "2614"]
[PlyCount "75"]
[EventDate "2015.03.07"]

1. e4 c5 2. Nf3 Nc6 3. Nc3 e5 4. Bc4 Be7 5. d3 d6 6. O-O a6 7. a3 b5 8. Ba2 Ra7
9. Nd5 Be6 10. b4 Nf6 11. Ng5 Qd7 12. Nxe6 fxe6 13. Nxf6+ Bxf6 14. Be3 Qe7 15.
Qh5+ g6 16. Qg4 Nd8 17. g3 O-O 18. h4 Kh8 19. Kg2 Rc7 20. c4 cxb4 21. axb4 Nc6
22. Rab1 Re8 23. h5 gxh5 24. Qxh5 Rg8 25. Qh3 Re8 26. cxb5 axb5 27. Rbc1 Nxb4
28. Rxc7 Qxc7 29. Bxe6 Nxd3 30. Rh1 Qg7 31. Kf3 Re7 32. Rd1 Nb4 33. Rxd6 Qf8
34. Kg2 Rc7 35. Qf5 Nc2 36. Bg5 Kg7 37. Rd1 Nd4 38. Bh6+ 1-0